| 000 | 00478nam a2200169Ia 4500 | ||
|---|---|---|---|
| 003 | OSt | ||
| 005 | 20200629130158.0 | ||
| 008 | 190216s9999||||xx |||||||||||||| ||und|| | ||
| 040 | _coclc | ||
| 082 |
_a934 _bTHA/E |
||
| 100 |
_aThapar, Romila _9444 |
||
| 245 | 0 |
_aEarly India From The Orgins To Ad 1300 / _cRomila Thapar |
|
| 260 |
_bPenguin Books, _aEngland: _c2002. |
||
| 300 | _a556p | ||
| 650 | _aHistory | ||
| 942 |
_cBK _2ddc _h934 _iTHA/E _k934 _mTHA/E |
||
| 999 |
_c21006 _d21006 |
||